00345cam a22001217a 4500008004000000082001400040100002100054245003900075260005700114300000800171500002500179700001900204180718b2000 xxu||||| |||| 00| 0 eng d aA75 K45MA aLogan's, William aMalabar manualcby William Logan's aThiruvananthapurambKerala District Gazetteersc2000 a2v. aContents: v.1. 759p. aCherian, P. J.